000 00380nam a2200145Ia 4500
008 220216s9999 xx 000 0 und d
100 _aMohankumar S.
245 3 _aAn economic study of latex glove industry in India
260 _bRubber Board Bulletin
_c1993
300 _a11-May
650 _aGlove
650 _aLatex industry
700 _aGopalakrishnan K.S.
942 _cBS
999 _c49711
_d49711